00425nam a22001457a 450000500170000000800410001702000150005804100120007308200150008510000240010024500520012426000480017630000300022465000250025420231031071444.0231031b |||||||| |||| 00| 0 eng d a0702137766 aEnglish a347.5 PRE  aPrest, CB lEnglish aThe Law and Practice of Interdicts /cCB Prest  aCape Town : bJuta and Company Ltd, c1996  blv, 405 pages ; c26 cm.  alegal practice bLaw